[Event "Reunion op 16th"]
[Site "St Denis"]
[Date "2014.10.23"]
[Round "7"]
[White "Kibria, Golam"]
[Black "Duprey, Francois Xavier"]
[Result "0-1"]
[WhiteElo "1899"]
[BlackElo "1764"]
[PlyCount "92"]
[EventDate "2014.10.18"]
[EventType "swiss"]
[EventRounds "9"]
[EventCountry "RUF"]
[SourceTitle "EXT 2015"]
[Source "ChessBase"]
[SourceDate "2014.11.20"]
[SourceVersion "1"]
[SourceVersionDate "2014.11.20"]
[SourceQuality "1"]

1. e4 c5 2. Nf3 d6 3. d4 cxd4 4. Nxd4 Nf6 5. Nc3 g6 6. h3 Bg7 7. Be3 0-0 8. Qd2 Nc6 9. Nb3 Be6 10. Bh6 Ne5 11. Bxg7 Kxg7 12. Nd4 Bc4 13. Nde2 b5 14. f4 Bxe2 15. fxe5 dxe5 16. Qxd8 Raxd8 17. Bxe2 b4 18. Nd5 Nxd5 19. exd5 Rxd5 20. 0-0 Rc5 21. Rac1 Rfc8 22. Bd1 f5 23. Rf3 e4 24. Re3 Re5 25. g3 g5 26. Bf3 Rec5 27. Bd1 Re5 28. c3 f4 29. gxf4 gxf4 30. Re1 Rg5+ 31. Kh2 Re5 32. c4 Rcc5 33. b3 h5 34. h4 Kf6 35. Bc2 Kf5 36. Rg1 f3 37. Rg5+ Kf4 38. Rxe5 Rxe5 39. Bd1 Rc5 40. Rc2 e3 41. Kg1 e5 42. Rh2 e4 43. Rc2 Kg3 44. Rb2 Kxh4 45. Bc2 Rg5+ 46. Kf1 e2+ 0-1

[Event "Reunion op 16th"]
[Site "St Denis"]
[Date "2014.10.20"]
[Round "4"]
[White "Labrande, Eleonore"]
[Black "Kibria, Golam"]
[Result "0-1"]
[WhiteElo "1400"]
[BlackElo "1899"]
[PlyCount "72"]
[EventDate "2014.10.18"]
[EventType "swiss"]
[EventRounds "9"]
[EventCountry "RUF"]
[SourceTitle "EXT 2015"]
[Source "ChessBase"]
[SourceDate "2014.11.20"]
[SourceVersion "1"]
[SourceVersionDate "2014.11.20"]
[SourceQuality "1"]

1. e4 c5 2. Nf3 d6 3. d4 cxd4 4. Nxd4 Nc6 5. Bb5 Bd7 6. Nc3 Nf6 7. 0-0 e6 8. Re1 Be7 9. Qf3 Nxd4 10. Bxd7+ Qxd7 11. Qd3 e5 12. Nd1 0-0 13. c3 Qb5 14. Qd2 Ne6 15. a4 Qb6 16. Qd3 Nc5 17. Qc4 Qb3 18. Qe2 Ncxe4 19. Ra3 Qe6 20. b4 d5 21. f3 Nd6 22. Qxe5 Qxe5 23. Rxe5 Rfe8 24. Ne3 Nc4 25. Nxc4 dxc4 26. Rb5 b6 27. a5 bxa5 28. Rbxa5 Bd8 29. Ra6 Re1+ 30. Kf2 Rxc1 31. Rc6 h6 32. Rxc4 Rc2+ 33. Kf1 Bb6 34. Ke1 Rd8 35. Ra1 Bf2+ 36. Kf1 Nd5 0-1

[Event "Reunion op 16th"]
[Site "St Denis"]
[Date "2014.10.18"]
[Round "2"]
[White "Francou, Yvon"]
[Black "Kibria, Golam"]
[Result "1-0"]
[WhiteElo "1670"]
[BlackElo "1899"]
[PlyCount "201"]
[EventDate "2014.10.18"]
[EventType "swiss"]
[EventRounds "9"]
[EventCountry "RUF"]
[SourceTitle "EXT 2015"]
[Source "ChessBase"]
[SourceDate "2014.11.20"]
[SourceVersion "1"]
[SourceVersionDate "2014.11.20"]
[SourceQuality "1"]

1. e4 c5 2. Nf3 Nc6 3. Nc3 d6 4. a3 Nf6 5. g3 Bg4 6. Bg2 Nd4 7. h3 Bh5 8. g4 Bg6 9. Nh4 e5 10. Nf5 Be7 11. Nxg7+ Kd7 12. d3 Qb6 13. Nf5 Bxf5 14. exf5 Rag8 15. Ne2 Nxf5 16. Rf1 h5 17. g5 Nh7 18. f4 Nh4 19. Be4 f5 20. gxf6 Bxf6 21. fxe5 dxe5 22. Be3 Ng2+ 23. Bxg2 Rxg2 24. Rf5 Qe6 25. Rxh5 Rh2 26. Qd2 Rxh3 27. Rxh3 Qxh3 28. 0-0-0 Rg8 29. Kb1 Ng5 30. Bxc5 Nf3 31. Qb4 b6 32. Qa4+ Kd8 33. Bxb6+ axb6 34. Qa8+ Qc8 35. Qd5+ Kc7 36. Qxf3 Qe6 37. Qe4 Rg4 38. Qh7+ Rg7 39. Qe4 Rg4 40. Qh7+ Rg7 41. Qh1 Qg4 42. Nc3 Bd8 43. Nb5+ Kb8 44. Rf1 Qe6 45. Qh8 Rg8 46. Qh7 Kc8 47. Na7+ Kb8 48. Nb5 Kc8 49. Qh1 Kb8 50. Qe4 Rh8 51. b3 Rh4 52. Qe3 Rh3 53. Qf2 Qd7 54. Qf8 Kc8 55. Qb4 Be7 56. Qc4+ Kb7 57. Qa4 Qe6 58. Qe4+ Kb8 59. Nd4 Qd6 60. Nc6+ Kc7 61. Nxe7 Qxe7 62. Qc4+ Kd6 63. Qb4+ Kd7 64. Qxe7+ Kxe7 65. Kb2 b5 66. Re1 Kd6 67. Re4 Rf3 68. d4 exd4 69. Rxd4+ Kc5 70. Rh4 Rg3 71. a4 b4 72. Rh5+ Kc6 73. Kc1 Rg2 74. Rb5 Rg4 75. Kd2 Rd4+ 76. Ke3 Rh4 77. Rf5 Rh3+ 78. Rf3 Rh4 79. Kd3 Kc5 80. Rf5+ Kc6 81. Re5 Kb6 82. Re4 Rh3+ 83. Re3 Rh4 84. c3 bxc3 85. Kxc3 Kc5 86. b4+ Kd5 87. Rd3+ Kc6 88. Rd1 Rg4 89. Rc1 Kd5 90. Rd1+ Kc6 91. Rd4 Rg1 92. Rc4+ Kd5 93. Rc5+ Kd6 94. Kc4 Rc1+ 95. Kb5 Rh1 96. a5 Rh8 97. Rc6+ Kd7 98. Rb6 Ra8 99. Rb7+ Kd6 100. Kb6 Rc8 101. a6 1-0

[Event "Reunion op 16th"]
[Site "St Denis"]
[Date "2014.10.18"]
[Round "3"]
[White "Kibria, Golam"]
[Black "Cochard, Franck Olivier"]
[Result "0-1"]
[WhiteElo "1899"]
[BlackElo "1655"]
[PlyCount "62"]
[EventDate "2014.10.18"]
[EventType "swiss"]
[EventRounds "9"]
[EventCountry "RUF"]
[SourceTitle "EXT 2015"]
[Source "ChessBase"]
[SourceDate "2014.11.20"]
[SourceVersion "1"]
[SourceVersionDate "2014.11.20"]
[SourceQuality "1"]

1. c4 g6 2. Nc3 Bg7 3. g3 Nf6 4. Bg2 e6 5. e4 0-0 6. d4 c6 7. Be3 d5 8. e5 Nfd7 9. cxd5 cxd5 10. Nge2 Nc6 11. 0-0 Nb6 12. Nb5 Nc4 13. b3 Nxe3 14. fxe3 a6 15. Nd6 f6 16. exf6 Bxf6 17. Nxc8 Rxc8 18. Bh3 Qd7 19. Nf4 Rce8 20. Qg4 Kf7 21. Rac1 Qe7 22. Nd3 Kg8 23. Nc5 e5 24. Qd7 exd4 25. Qxe7 Bxe7 26. Rxf8+ Bxf8 27. Be6+ Kh8 28. Bxd5 dxe3 29. Nxb7 Nd4 30. Kf1 e2+ 31. Kf2 Bb4 0-1

[Event "Reunion op 15th"]
[Site "St Denis"]
[Date "2013.10.19"]
[Round "9"]
[White "Kibria, Golam"]
[Black "Andriandaza, Tombo Omar"]
[Result "0-1"]
[WhiteElo "1803"]
[BlackElo "1690"]
[PlyCount "108"]
[EventDate "2013.10.12"]
[EventType "swiss"]
[EventRounds "9"]
[EventCountry "RUF"]
[SourceTitle "EXT 2014"]
[Source "ChessBase"]
[SourceDate "2013.11.20"]
[SourceVersion "1"]
[SourceVersionDate "2013.11.20"]
[SourceQuality "1"]

1. Nf3 Nf6 2. c4 c6 3. b3 g6 4. Bb2 Bg7 5. g3 0-0 6. Bg2 d5 7. cxd5 cxd5 8. 0-0 Bg4 9. d3 Bxf3 10. Bxf3 e6 11. Nd2 Nbd7 12. Rc1 Rc8 13. b4 Qb6 14. Qb3 Bh6 15. Rfd1 Rxc1 16. Bxc1 Ne5 17. Bb2 Nfg4 18. d4 f5 19. h3 Nxf3+ 20. Nxf3 Nf6 21. e3 Rc8 22. a4 Rc4 23. b5 Qc7 24. Rc1 Rxc1+ 25. Bxc1 Qxc1+ 26. Kg2 Bf8 27. Ng5 Ne4 28. Nxe4 fxe4 29. h4 Qc4 30. Qd1 a6 31. bxa6 Qxa6 32. Qc2 Qc6 33. Qd1 b5 34. axb5 Qxb5 35. Qg4 Qd7 36. h5 Qf7 37. hxg6 Qxg6 38. Qh4 h5 39. Qd8 Qg4 40. Kf1 Qf5 41. Kg2 Kg7 42. Qd7+ Qf7 43. Qc6 Kg6 44. Qc8 Be7 45. Qh8 Bf6 46. Qc8 h4 47. Qb8 hxg3 48. Qxg3+ Kh5 49. Kf1 Bh4 50. Qe5+ Qf5 51. Qh8+ Kg4 52. Qg8+ Bg5 53. Ke1 Kf3 54. Qh8 Kg2 0-1

[Event "Reunion op 15th"]
[Site "St Denis"]
[Date "2013.10.16"]
[Round "5"]
[White "Kibria, Golam"]
[Black "Li Ying, Patrick"]
[Result "0-1"]
[WhiteElo "1803"]
[BlackElo "2136"]
[PlyCount "86"]
[EventDate "2013.10.12"]
[EventType "swiss"]
[EventRounds "9"]
[EventCountry "RUF"]
[SourceTitle "EXT 2014"]
[Source "ChessBase"]
[SourceDate "2013.11.20"]
[SourceVersion "1"]
[SourceVersionDate "2013.11.20"]
[SourceQuality "1"]

1. Nf3 Nf6 2. c4 c5 3. b3 g6 4. Bb2 Bg7 5. g3 0-0 6. Bg2 Nc6 7. 0-0 d6 8. d4 cxd4 9. Nxd4 Bd7 10. Nd2 Nxd4 11. Bxd4 Bc6 12. e4 Qa5 13. Re1 Rac8 14. a3 b5 15. b4 Qc7 16. Rc1 Qb7 17. c5 e5 18. Ba1 dxc5 19. Rxc5 Nd7 20. Rc3 f5 21. Qb3+ Kh8 22. Qe6 Rf6 23. Qb3 Rcf8 24. Qc2 Bh6 25. f4 Qb6+ 26. Kh1 Rd6 27. Rc1 Bb7 28. Rc7 Bg7 29. Nf3 Bxe4 30. Qe2 Bxf3 31. Bxf3 e4 32. Bxg7+ Kxg7 33. Bg2 a6 34. R1c5 Rd3 35. h3 Qd6 36. Kh2 Kh6 37. R7c6 Qd4 38. Rc2 Rd1 39. Qf2 e3 40. Qe2 Rd2 41. Rxd2 exd2 42. Qd1 Re8 43. Rc2 Re1 0-1

[Event "Reunion op 15th"]
[Site "St Denis"]
[Date "2013.10.14"]
[Round "4"]
[White "Artigaud, Laurent"]
[Black "Kibria, Golam"]
[Result "0-1"]
[WhiteElo "1584"]
[BlackElo "1803"]
[PlyCount "90"]
[EventDate "2013.10.12"]
[EventType "swiss"]
[EventRounds "9"]
[EventCountry "RUF"]
[SourceTitle "EXT 2014"]
[Source "ChessBase"]
[SourceDate "2013.11.20"]
[SourceVersion "1"]
[SourceVersionDate "2013.11.20"]
[SourceQuality "1"]

1. d4 Nf6 2. c4 g6 3. Nc3 Bg7 4. Nf3 d6 5. e3 0-0 6. Be2 Nbd7 7. 0-0 Qe8 8. b3 e5 9. dxe5 Nxe5 10. Bb2 Nc6 11. Nb1 Bf5 12. Bd3 Bg4 13. h3 Bd7 14. Nbd2 Rd8 15. Qc2 Nb4 16. Qb1 Nxd3 17. Qxd3 b5 18. Rfc1 a6 19. Qe2 bxc4 20. Qxc4 c5 21. Qxa6 Bb5 22. Qa5 Nd5 23. Bxg7 Kxg7 24. a4 Be2 25. Ne4 Bxf3 26. gxf3 Nb4 27. Nxd6 Qe6 28. Ne4 Qxh3 29. Qxc5 Nd3 30. Qc3+ Kh6 31. Rd1 Qxf3 32. Rxd3 Qxe4 33. Rxd8 Rxd8 34. a5 Rd5 35. a6 Qf3 36. Kf1 Rh5 37. Ke1 Rh1+ 38. Kd2 Qxf2+ 39. Kd3 Qf5+ 40. Kc4 Qc8+ 41. Kb4 Qxc3+ 42. Kxc3 Rxa1 43. b4 Rxa6 44. b5 Re6 45. Kd4 Kg5 0-1